Ciudadanía y representación en el Perú (1808-1860) : (Record no. 22608)

000 -CABECERA
fixed length control field 01637nam a22003017a 4500
003 - IDENTIFICADOR DEL NÚMERO DE CONTROL
control field AR-CdUCM
008 - DATOS DE LONGITUD FIJA--INFORMACIÓN GENERAL
fixed length control field 190409b ||||| |||| 00| 0 spa d
020 ## - NÚMERO INTERNACIONAL ESTÁNDAR DEL LIBRO
ISBN 9786124453175
040 ## - FUENTE DE LA CATALOGACIÓN
Agencia/entidad que catalogó originalmente la obra MUNICIPALIDAD PROVINCIAL DEL CUSCO
Entidad que transcribió la catalogación BIBLIOTECA MUNICIPAL DEL CUSCO
082 ## - NÚMERO DE LA CLASIFICACIÓN DECIMAL DEWEY
No. de Clasificación 323.6/C548
Notacion interna C548
No. de la edición Segunda edición aumentada
100 ## - ENTRADA PRINCIPAL--NOMBRE DE PERSONA
Nombre Personal Chiaramonti, Gabriella
245 ## - MENCIÓN DE TÍTULO
Título Ciudadanía y representación en el Perú (1808-1860) :
Resto del título los itinerarios de la soberanía /
Mención de responsabilidad Gabriella Chiaramonti
260 ## - PUBLICACIÓN, DISTRIBUCIÓN, ETC.
Lugar de publicación, distribución, etc. Lima :
Nombre de la editorial, distribuidor, etc. Jurado Nacional de Elecciones,
-- Universidad Nacional Mayor de San Marcos,
Fecha de publicación, distribución, etc. 2021.
300 ## - DESCRIPCIÓN FÍSICA
Nº de Páginas Extensión 562 páginas. :
Otros detalles físicos mapas ;
Dimensiones 21 cm.
500 ## - NOTA GENERAL
Bibliografía Bibliografía: páginas 471-562.
505 ## - NOTA DE CONTENIDO CON FORMATO
Nota de contenido formateada Relata en detalle el origen y desarrollo de la experiencia electoral en el Perú en el contexto del debate entre liberales y conservadores, en el periodo comprendido entre el tardío período virreinal y la década de 1860, con conclusiones que alcanzan hasta la reconstrucción nacional de 1896.
650 ## - PUNTO DE ACCESO ADICIONAL DE MATERIA--TÉRMINO DE MATERIA
Descriptor Ciudadanía
9 (RLIN) 24476
650 ## - PUNTO DE ACCESO ADICIONAL DE MATERIA--TÉRMINO DE MATERIA
Descriptor Participación política
9 (RLIN) 7489
650 ## - PUNTO DE ACCESO ADICIONAL DE MATERIA--TÉRMINO DE MATERIA
Descriptor Elecciones
9 (RLIN) 1677
650 ## - PUNTO DE ACCESO ADICIONAL DE MATERIA--TÉRMINO DE MATERIA
Descriptor Gobierno representativo
9 (RLIN) 48642
650 ## - PUNTO DE ACCESO ADICIONAL DE MATERIA--TÉRMINO DE MATERIA
Descriptor Historia
9 (RLIN) 48643
650 ## - PUNTO DE ACCESO ADICIONAL DE MATERIA--TÉRMINO DE MATERIA
Descriptor Siglo XIX
9 (RLIN) 48644
650 ## - PUNTO DE ACCESO ADICIONAL DE MATERIA--TÉRMINO DE MATERIA
Descriptor Perú
9 (RLIN) 48645
710 ## - PUNTO DE ACCESO ADICIONAL--NOMBRE DE ENTIDAD CORPORATIVA
Nombre corporativo (En letras Mayúsculas) Jurado Nacional de Elecciones
Unidad subordinada Dirección Nacional de Educación y Formación Cívica Ciudadana
Título del trabajo entidad editora
9 (RLIN) 48628
710 ## - PUNTO DE ACCESO ADICIONAL--NOMBRE DE ENTIDAD CORPORATIVA
Nombre corporativo (En letras Mayúsculas) Universidad Nacional Mayor de San Marcos
Título del trabajo entidad editora
9 (RLIN) 48646
942 ## - ELEMENTOS DE PUNTO DE ACCESO ADICIONAL (KOHA)
Fuente de clasificación
Tipo de item Libros-BMC
945 ## - PROCESAMIENTO DE INFORMACIÓN LOCAL (OCLC)
Catalogador rac
Holdings
Estado de retiro (separado) Fuente de clasificación o esquema de estanterías Estado dañado Ubicación Sala donde se ubica Nombre de la colección Fecha de adquisición o compra Fuente de adquisición Costo, precio normal en soles Signatura topográfica Código de Barras Última vez visto (Koha) Tipo de ítem (Koha)
No     Sala Humanidades Sala Humanidades Book Cart 2022-11-29 Donación 30.00 323.6/C548 SH0000016445 2022-11-29 Libros-BMC

Powered by Koha